| 000 | 00342 a2200109 4500 | ||
|---|---|---|---|
| 001 | ART_2918 | ||
| 005 | 20260410161711.0 | ||
| 008 | 260409a | ||
| 245 | 1 | 0 | _aCriterios para una política de desarrollo industrial |
| 100 | 1 | _aDi Tella, Guido | |
| 773 | 0 |
_tDesarrollo económico _g- Vol. 7, Nº 27 (oct./dic. 1967) _wREV1174 |
|
| 999 |
_c16065 _d16065 |
||